Principles and methods of teaching. (Record no. 2076)

MARC details
000 -LEADER
fixed length control field 00528cam a2200205ua 4500
001 - CONTROL NUMBER
control field 2210
005 - DATE AND TIME OF LATEST TRANSACTION
control field 20260515113447.0
008 - FIXED-LENGTH DATA ELEMENTS--GENERAL INFORMATION
fixed length control field 110805n ii |||gr||||Z||||||eng
040 ## - CATALOGING SOURCE
Transcribing agency MAIN
082 ## - DEWEY DECIMAL CLASSIFICATION NUMBER
Classification number 371.3
100 ## - MAIN ENTRY--PERSONAL NAME
Personal name Bhatia, B D.,
245 ## - TITLE STATEMENT
Title Principles and methods of teaching.
Statement of responsibility, etc. By B D Bhatia.
250 ## - EDITION STATEMENT
Edition statement 1st.
260 ## - PUBLICATION, DISTRIBUTION, ETC.
Place of publication, distribution, etc. New Delhi:
Name of publisher, distributor, etc. Doaba house.,
Date of publication, distribution, etc. 2001.
300 ## - PHYSICAL DESCRIPTION
Extent vi, 564 p.:
Dimensions 23 cm.
653 ## - INDEX TERM--UNCONTROLLED
Uncontrolled term education.
653 ## - INDEX TERM--UNCONTROLLED
Uncontrolled term Principles and methods of teaching.
700 ## - ADDED ENTRY--PERSONAL NAME
Personal name Bhatia, Kamala.,
942 ## - ADDED ENTRY ELEMENTS (KOHA)
Koha item type Books
Holdings
Withdrawn status Lost status Damaged status Not for loan Home library Current library Shelving location Date acquired Total checkouts Full call number Barcode Date last seen Date last checked out Copy number Price effective from Koha item type
        Naharkatiya College Library Naharkatiya College Library General stacks 09/19/2020 1 371.3 | BHA 11497 08/23/2021 08/09/2021 1 09/19/2020 Books